000 00583nam a2200241 a 4500
001 nice12345678
003 IN_TiNIC
005 20260116011309.0
008 050524s1895 leba grp 000 0 ara
020 _a
_c100
082 0 0 _a922.97
_bBAR1
100 _aBarudi, Bishara Afandi
245 _aIbnul Malik
260 _aLebanon
_b
_c1895
300 _a139p
500 _aincludes index and biblioraphy
505 2 _aNotes, Bibliography, Index
650 _aBilly Bray-Ibn-Ul-Malik
700 1 _aBarudi, Bishara Afandi
902 _bSRS
942 _cBK
999 _c273
_d273